Fortnite POIs by picture (EASY) - Statistics

General Stats
  • This quiz has been taken 87 times
  • The average score is 21 of 42
Answer Stats
Picture Answer % Correct
Tilted Towers
74%
Paradise Palms
72%
Dusty Depot
70%
Pleasant Park
70%
The Block
69%
Tomato Town
68%
Greasy Grove
66%
Dusty Divot
65%
Salty Springs
65%
Retail Row
64%
Loot Lake
62%
Lucky Landing
62%
Neo Tilted
59%
Risky Reels
59%
Lonely Lodge
57%
Junk Junction
55%
Prison
55%
Shifty Shafts
53%
Fatal Fields
50%
Flush Factory
50%
Moisty Mire
50%
Motel
50%
Wailing Woods
50%
Lazy Links
49%
Anarchy Acres
46%
Gotham City
46%
Haunted Hills
46%
Snobby Shores
42%
Volcano
42%
Frosty Flights
41%
Polar Peak
41%
Mega Mall
38%
Viking Village
38%
Lazy Lagoon
36%
Tilted Town
35%
Happy Hamlet
31%
Sunny Steps
28%
Starry Suburbs
27%
Floating Island
24%
Moisty Palms
23%
Pandora
23%
Pressure Plant
23%
No matching quizzes found
Score Distribution
Percent of People with Each Score
Percentile by Number Answered
Your Score History
You have not taken this quiz